Foundations of general topology /

Guardado en:
Autor Principal: Császár, Ákos.
Formato: Libro
Idioma:English
French
Publicado: Oxford ; New York : Pergamon Press; [distributed in the Western Hemisphere by Macmillan, New York], 1963.
Series:International series of monographs in pure and applied mathematics ; v. 35.
Materias:
Etiquetas: Agregar Etiqueta
Sin Etiquetas, Sea el primero en etiquetar este registro!
LEADER 01107cam a22002535a 4500
001 MAT.inmabb006787
008 730124s1963####enk######b####000#0#eng##
005 20130807161407.0
245 1 0 |a Foundations of general topology /  |c by Ákos Császár ; [translated by Mrs. K. Császár]. 
260 |a Oxford ;  |a New York :  |b Pergamon Press; [distributed in the Western Hemisphere by Macmillan, New York],  |c 1963. 
300 |a xix, 380 p. ;  |c 23 cm. 
490 1 |a International series of monographs on pure and applied mathematics ;  |v v. 35 
500 |a Traducción de: Fondements de la topologie générale. Budapest : Akadémiai Kiadó, 1960. 
504 |a Incluye referencias bibliográficas (p. 372-373) e índice. 
510 4 |a MR,  |c 28 #575 
100 1 |a Császár, Ákos. 
240 1 0 |a Fondements de la topologie générale.  |l Inglés 
830 0 |a International series of monographs in pure and applied mathematics ;  |v v. 35. 
650 0 |a Topology. 
084 |a 54-01  |2 msc2000 
010 |a  62009189  
040 |a DLC  |c ODaWU  |d OCoLC  |d Uk  |d DLC 
041 1 |a eng  |h fre 
859 |h 54  |i C958i  |p A-8831  |b BIB. MATEMATICA